On general decomposition schemes in mathematical programming

Guardado en:
Detalles Bibliográficos
Autor principal: Burgard, Rainer E.
Otros Autores: Hamacher, Horst W., Tind, J.
Formato: Libro
Lenguaje:inglés
Publicado: Graz Technische Universität 1984
Colección:Bericht 84-35
Etiquetas: Agregar Etiqueta
Sin Etiquetas, Sea el primero en etiquetar este registro!

MARC

LEADER 00000nam a2200000 4500
001 c113743
005 20181203150323.7
041 0 |a eng 
044 |a AT 
245 1 0 |a On general decomposition schemes in mathematical programming  |c Rainer E. Burgard, Horst W. Hamacher, J. Tind 
264 1 |a Graz  |b Technische Universität  |c 1984 
300 |a 19 s. 
490 1 |a Bericht  |v 84-35 
830 0 |a Bericht  |v 84-35 
100 1 |a Burgard, Rainer E. 
700 1 |a Hamacher, Horst W. 
700 1 |a Tind, J.